000 00308nam a22001457a 4500
008 231101b ||||| |||| 00| 0 eng d
020 _a0801850363
041 _aeng
080 _a61
082 _a61SCH
100 _a5
101 _aMJEP
245 _aWRONG MEDICINE
_cSCHNEIDERMAN.J,L
942 _2udc
_cBK
999 _c60479
_d60479